• 首页
  • 本馆介绍
  • 公告通知
  • 最新文献
  • 馆藏检索
  • 电子资源
  • 读者荐购
  • 参考咨询
  • CALIS
  • 我的图书馆
  • 登录
  • 详细信息显示
  • 放入我的书架
  • 预约/预借图书
  • 作者相关作品
  • 分类相关作品
  • 丛书相关作品
  • 出版社相关作品

书目信息

  • 表格格式
  • 工作单格式
  • 卡片格式
题名:
第六次回归花园
    
 
作者: 席地 著
分册:  
出版信息: 北京   作家出版社  2024.12
页数: 237页
开本: 22cm
丛书名: 澳门文学丛书
单 册:
中图分类: I227.1
科图分类:
主题词: 新诗--诗集--中国--当代
电子资源:
ISBN: 978-7-5212-3165-6
 
 
 
 
 
000 00719nam0 2200253 450
001 013525581
005 20251022112136.63
010    @a978-7-5212-3165-6@dCNY40.00
100    @a20250327d2024 em y0chiy0120 ea
101 0  @achi
102    @aCN@b110000
105    @ay z 000gy
106    @ar
200 1  @a第六次回归花园@9di liu ci hui gui hua yuan@f席地著
210    @a北京@c作家出版社@d2024.12
215    @a237页@d22cm
225 1  @a澳门文学丛书@i诗歌@f吴志良,吴义勤,鲍坚等主编
461  0 @12001 @a澳门文学丛书
462  0 @12001@@@a诗歌
606 0  @a新诗@x诗集@y中国@z当代
690    @aI227.1@v5
701  0 @a席地@9xi di@4著
801  0 @aCN@c20250910
905    @a河南城建学院图书馆@dI227.1@eX152@ZX152@f1
    
    第六次回归花园/席地著.-北京:作家出版社,2024.12
    237页;22cm.-(澳门文学丛书.诗歌/吴志良,吴义勤,鲍坚等主编)
    
    
    ISBN 978-7-5212-3165-6:CNY40.00
    
●
相关链接 在E读中查询图书 在当当中查询图书 在豆瓣中查询图书


正题名:第六次回归花园     索取号:I227.1/X152         预约/预借

序号 登录号 条形码 馆藏地/架位号 状态 备注
1 1633946   216339460   文学库108/108文学库 19排2列2层/ [索取号:I227.1/X152] 在馆    
河南城建学院图书馆 欢迎您!
大连网信软件有限公司© 版权所有